Online
Catalog

Cándido / (Record no. 25531)

MARC details
000 -CABECERA
campo de control de longitud fija 00761nam a2200241 a 4500
001 - NÚMERO DE CONTROL
campo de control 000026039
005 - FECHA Y HORA DE LA ÚLTIMA TRANSACCIÓN
campo de control 20200930024242.0
008 - DATOS DE LONGITUD FIJA--INFORMACIÓN GENERAL
campo de control de longitud fija 110217s1944 sp r 000 | spa d
040 ## - FUENTE DE LA CATALOGACIÓN
Centro catalogador/agencia de origen DO-SdBNP
Lengua de catalogación spa
Centro/agencia transcriptor BNPHU
082 ## - NÚMERO DE LA CLASIFICACIÓN DECIMAL DEWEY
Número de clasificación 843.5
Número de documento/Ítem V935c
049 ## - FONDOS LOCALES (OCLC)
Fondos de biblioteca BNGR
100 1# - ENTRADA PRINCIPAL--NOMBRE DE PERSONA
Nombre de persona Voltaire
9 (RLIN) 46917
245 10 - MENCIÓN DE TÍTULO
Título Cándido /
Mención de responsabilidad, etc. Voltaire ; prólogo Joaquín del Moral Ruiz ; traducción Leandro Fernández de Morantín.
246 23 - FORMA VARIANTE DE TÍTULO
Título propio/Titulo breve El ingenuo
260 ## - PUBLICACIÓN, DISTRIBUCIÓN, ETC.
Lugar de publicación, distribución, etc. Buenos Aires :
Nombre del editor, distribuidor, etc. Nova,
Fecha de publicación, distribución, etc. 1944.
300 ## - DESCRIPCIÓN FÍSICA
Extensión 102 p. ;
Dimensiones 20 cm.
490 1# - MENCIÓN DE SERIE
Mención de serie Mar Dulce
650 #4 - PUNTO DE ACCESO ADICIONAL DE MATERIA--TÉRMINO DE MATERIA
Término de materia o nombre geográfico como elemento de entrada Novela francesa
9 (RLIN) 1075
650 #4 - PUNTO DE ACCESO ADICIONAL DE MATERIA--TÉRMINO DE MATERIA
Término de materia o nombre geográfico como elemento de entrada Literatura francesa
9 (RLIN) 1074
700 1# - PUNTO DE ACCESO ADICIONAL--NOMBRE DE PERSONA
Nombre de persona Moral Ruiz, Joaquín del,
Término indicativo de función/relación pról
9 (RLIN) 12826
700 1# - PUNTO DE ACCESO ADICIONAL--NOMBRE DE PERSONA
Nombre de persona Fernández de Morantín , Leandro ,
Término indicativo de función/relación tr.
9 (RLIN) 52977
830 #0 - PUNTO DE ACCESO ADICIONAL DE SERIE-TÍTULO UNIFORME
Título uniforme Mar Dulce
9 (RLIN) 52974
Holdings
Estado de retiro Estado de pérdida Restricciones de uso No para préstamo Código de colección Localización permanente Ubicación/localización actual Ubicación en estantería Fecha de adquisición Número de inventario Total de préstamos Signatura topográfica completa Código de barras Fecha visto por última vez Precio válido a partir de Tipo de ítem Koha Número de copia
      Excluido de préstamo Monografías: Libros y Folletos General General Depósito 25.02.2011 LF1   843.5 V935c 26039-10 25.06.2020 25.06.2020 No se presta  
      Excluido de préstamo Monografías: Libros y Folletos General General En catalogación 25.02.2011 LF1   843.5 V935c 26039-20 25.06.2020 25.06.2020 No se presta e. 2
        Monografías: Libros y Folletos General General En catalogación 25.02.2011 LF1   843.5 V935c 26039-30 25.06.2020 25.06.2020 Préstamo en sala e. 3

Powered by Koha